[Event "21st ch-EUR Indiv 2021"]
[Site "Reykjavik ISL"]
[Date "2021.09.02"]
[Round "8.22"]
[White "Grigorian, Spartak"]
[Black "Huschenbeth, Niclas"]
[Result "0-1"]
[WhiteTitle "IM"]
[BlackTitle "GM"]
[WhiteElo "2448"]
[BlackElo "2592"]
[WhiteFideId "24661490"]
[BlackFideId "24604747"]
[EventDate "2021.08.26"]

1. d4 Nf6 2. c4 e6 3. Nc3 Bb4 4. e3 O-O 5. Bd2 d5 6. Nf3 b6 7. cxd5 exd5 8. Bd3
Bd6 9. O-O Re8 10. Nb5 Bf8 11. Ne5 Ba6 12. Rc1 c5 13. b3 Bb7 14. f4 Nc6 15. Be1
a6 16. Nc3 cxd4 17. Nxc6 Bxc6 18. exd4 Qd6 19. f5 Ne4 20. Qg4 Qh6 21. Rd1 Bd6
22. g3 Bb7 23. Ne2 Rac8 24. Qf3 Qf6 25. h4 Bc6 26. Bxa6 Ra8 27. Bd3 Rxa2 28. g4
Bb8 29. g5 Qd6 30. Nf4 Bd7 31. f6 g6 32. Kh1 Bf5 33. Kg1 Qd7 34. Bb1 Bg4 35. Qd3
Bxd1 36. Bxa2 Qg4+ 37. Ng2 Be2 0-1

[Event "21st ch-EUR Indiv 2021"]
[Site "Reykjavik ISL"]
[Date "2021.09.02"]
[Round "8.23"]
[White "Horvath, Dominik"]
[Black "Parligras, Mircea-Emilian"]
[Result "1/2-1/2"]
[WhiteTitle "IM"]
[BlackTitle "GM"]
[WhiteElo "2455"]
[BlackElo "2591"]
[WhiteFideId "1642561"]
[BlackFideId "1204297"]
[EventDate "2021.08.26"]

1. d4 Nf6 2. c4 e6 3. Nf3 d5 4. Nc3 Bb4 5. Qb3 c5 6. dxc5 Nc6 7. Bg5 Qa5 8. Bxf6
dxc4 9. Qxc4 gxf6 10. Rc1 Qxc5 11. Qh4 Ke7 12. e3 Bxc3+ 13. Rxc3 Qb4 14. Qxb4+
Nxb4 15. Rc7+ Bd7 16. Bb5 Rhd8 17. Ke2 a6 18. Rxd7+ Rxd7 19. Bxd7 Kxd7 20. Rd1+
Ke7 21. a3 Nc6 22. Nd4 Nxd4+ 23. Rxd4 Rc8 24. Kd2 1/2-1/2

[Event "21st ch-EUR Indiv 2021"]
[Site "Reykjavik ISL"]
[Date "2021.09.02"]
[Round "8.24"]
[White "Baltag, Iulian"]
[Black "Nguyen, Thai Dai Van"]
[Result "0-1"]
[WhiteTitle "IM"]
[BlackTitle "GM"]
[WhiteElo "2410"]
[BlackElo "2588"]
[WhiteFideId "13901419"]
[BlackFideId "358878"]
[EventDate "2021.08.26"]

1. e4 c5 2. Nc3 Nc6 3. Bb5 Nd4 4. Nf3 a6 5. Bd3 g6 6. b3 Bg7 7. Bb2 d6 8. Nxd4
Bxd4 9. Qe2 Nf6 10. Nd1 Bxb2 11. Nxb2 O-O 12. O-O b5 13. a4 Bb7 14. f4 Qb6 15.
Kh1 Bc6 16. e5 dxe5 17. fxe5 Nh5 18. Qe3 Rad8 19. Rf2 Qc7 20. Kg1 Rd5 21. Re1
Ng7 22. c4 bxc4 23. Bxc4 Rd4 24. Qg5 Bd5 25. Bxd5 Rxd5 26. Nc4 f5 27. Qh6 Ne6
28. Re3 f4 29. Rh3 Rf7 30. Qh4 Rd4 31. Qg4 Qd7 32. Rhf3 Rf5 33. h4 Re4 34. Qh3
Nd4 35. Rd3 Re1+ 36. Kh2 Qd5 37. Ne3 fxe3 38. Rxf5 e2 0-1

[Event "21st ch-EUR Indiv 2021"]
[Site "Reykjavik ISL"]
[Date "2021.09.02"]
[Round "8.25"]
[White "Jones, Gawain C B"]
[Black "Subelj, Jan"]
[Result "1/2-1/2"]
[WhiteTitle "GM"]
[BlackTitle "IM"]
[WhiteElo "2684"]
[BlackElo "2412"]
[WhiteFideId "409561"]
[BlackFideId "14618583"]
[EventDate "2021.08.26"]

1. c4 c5 2. Nf3 Nf6 3. Nc3 Nc6 4. g3 d5 5. cxd5 Nxd5 6. Bg2 Nxc3 7. bxc3 e5 8.
O-O Be7 9. Rb1 O-O 10. d3 Qc7 11. Qc2 Rd8 12. Be3 Be6 13. d4 exd4 14. cxd4 Qc8
15. dxc5 Bf5 16. Qa4 Bxb1 17. Rxb1 Qd7 18. h4 Rac8 19. Qf4 Qd5 20. Rxb7 Qxa2 21.
Ng5 h6 22. Ne4 Qa6 23. Rxe7 Rd1+ 24. Kh2 Nxe7 25. Nd6 Rf8 26. Qe5 Ng6 27. Qf5
Rxd6 28. cxd6 Qxd6 29. Bc5 Qe5 30. Qxe5 Nxe5 31. Bxa7 Rc8 1/2-1/2

[Event "21st ch-EUR Indiv 2021"]
[Site "Reykjavik ISL"]
[Date "2021.09.02"]
[Round "8.26"]
[White "Ftacnik, Lubomir"]
[Black "Lupulescu, Constantin"]
[Result "0-1"]
[WhiteTitle "GM"]
[BlackTitle "GM"]
[WhiteElo "2513"]
[BlackElo "2659"]
[WhiteFideId "14900017"]
[BlackFideId "1207822"]
[EventDate "2021.08.26"]

1. d4 Nf6 2. Nf3 d5 3. c4 e6 4. Nc3 Nbd7 5. cxd5 exd5 6. Bf4 c6 7. Qc2 Nh5 8.
Bg5 Be7 9. Bxe7 Qxe7 10. e3 Nb6 11. h3 g6 12. O-O-O Bf5 13. Qb3 Nf6 14. Ne5 h5
15. Bd3 Bxd3 16. Rxd3 h4 17. Re1 Nfd7 18. Nxd7 Qxd7 19. e4 O-O 20. Qd1 Rae8 21.
f3 Kg7 22. b3 a5 23. Rde3 a4 24. exd5 Rxe3 25. Rxe3 Nxd5 26. Nxd5 Qxd5 27. Re5
Qd6 28. bxa4 Qa3+ 29. Kb1 Qb4+ 30. Qb3 Qxd4 31. Re2 Ra8 32. Re4 Qg1+ 33. Kb2
Qxg2+ 34. Ka3 Qxh3 35. Re7 Qf5 36. Rxb7 h3 37. Qc3+ Qf6 0-1

[Event "21st ch-EUR Indiv 2021"]
[Site "Reykjavik ISL"]
[Date "2021.09.02"]
[Round "8.27"]
[White "Martirosyan, Haik M."]
[Black "Druska, Juraj"]
[Result "1-0"]
[WhiteTitle "GM"]
[BlackTitle "IM"]
[WhiteElo "2632"]
[BlackElo "2493"]
[WhiteFideId "13306553"]
[BlackFideId "14915650"]
[EventDate "2021.08.26"]

1. d4 d5 2. c4 e6 3. Nf3 Nf6 4. Nc3 Be7 5. Bf4 O-O 6. e3 b6 7. cxd5 Nxd5 8. Nxd5
Qxd5 9. Be2 Ba6 10. Bxc7 Qa5+ 11. Kf1 Nc6 12. Kg1 Bxe2 13. Qxe2 Rfc8 14. Bg3 Nb4
15. a3 Rc2 16. Qd1 Rxb2 17. axb4 Qxb4 18. h3 a5 19. Ne5 Qb5 20. Qf3 Rf8 21. Kh2
Bd6 22. Rhc1 a4 23. Nc4 Bxg3+ 24. Qxg3 Rb3 25. Ne5 a3 26. Rc7 Rb1 27. Rxa3 Qf1
28. Qf3 1-0

[Event "21st ch-EUR Indiv 2021"]
[Site "Reykjavik ISL"]
[Date "2021.09.02"]
[Round "8.28"]
[White "Kobo, Ori"]
[Black "Paravyan, David"]
[Result "1/2-1/2"]
[WhiteTitle "GM"]
[BlackTitle "GM"]
[WhiteElo "2490"]
[BlackElo "2631"]
[WhiteFideId "2812320"]
[BlackFideId "4194985"]
[EventDate "2021.08.26"]

1. e4 c5 2. Nf3 e6 3. g3 Nc6 4. Bg2 h5 5. c3 h4 6. Nxh4 g5 7. Nf3 g4 8. Ng1 c4
9. d4 cxd3 10. Qxd3 Bc5 11. Be3 Ne5 12. Qe2 Qb6 13. Bxc5 Qxc5 14. Nd2 Qb6 15.
Nb3 d6 16. O-O-O Bd7 17. Nd4 Ba4 18. b3 Rc8 19. Qc2 Bb5 20. Nxb5 Qxb5 21. Ne2
Qc5 22. Rdf1 a5 23. Kb1 b5 24. Qd2 Nf6 25. Qd4 Qa3 26. Rd1 Ke7 27. Rd2 Ra8 28.
Nc1 Ra6 29. Rb2 Nfd7 30. h3 Nc5 31. hxg4 Rxh1 32. Bxh1 a4 33. Qb4 Qxb2+ 34. Kxb2
Ncd3+ 35. Nxd3 Nxd3+ 36. Kc2 Nxb4+ 37. cxb4 Rc6+ 38. Kd2 axb3 39. axb3 Ra6 40.
Bf3 Ra2+ 41. Ke3 Rb2 42. Bd1 f6 43. f4 Kf7 44. Kf3 Kg7 45. Ke3 Kf8 46. Kf3 Ke7
47. Ke3 Kd8 48. Kf3 Kc7 49. Ke3 Kc6 50. f5 Kd7 51. Kf3 Ke7 52. Ke3 Kf7 53. Kf3
Ke7 54. Ke3 Rg2 55. Kf3 Rg1 56. Be2 Rb1 57. Bxb5 Rxb3+ 58. Kf2 Rxb4 59. Bc6 Rc4
60. Bb7 Rc7 61. Ba8 e5 62. g5 fxg5 63. Kf3 Rc8 64. Bd5 Rc5 65. Bb7 Rc7 66. Bd5
Rc5 67. Bb7 Rb5 68. Bc6 Rb6 69. Bd5 Kf6 70. Kg4 Rb4 71. Bc6 Rb3 72. Bd5 Rd3 73.
Bc6 Ke7 74. Bb7 Rc3 75. Bd5 Kf6 76. Bb7 Rc7 77. Bd5 Rg7 78. Bc6 Rh7 79. Bd5 Rh1
80. Bc6 Rd1 81. Bb7 Rd3 82. Bc6 Ke7 83. Bb7 Kf7 84. Bc6 Kg7 85. Bb7 Kh6 86. Bc6
Rc3 87. Bd5 Rc7 88. Ba8 Rc5 89. Bb7 Ra5 90. Bc6 Ra3 91. Bb7 Kg7 92. Bc6 Kf6 93.
Bb7 Ke7 94. Bc6 Rc3 95. Bd5 Re3 96. Bc6 Rd3 97. Bb7 Kf6 98. Bc6 Rc3 99. Bd5 Rc8
100. Bb7 Rh8 101. Bd5 Rh7 102. Bc6 Ke7 103. Bd5 Rg7 104. Bc6 Kf7 105. Bd5+ Kf6
106. Bc6 Ra7 107. Bd5 Ra3 108. Bc6 Ke7 109. Bd5 Rd3 110. Bc6 d5 111. Bxd5 Kf6
112. Bc6 Rd6 113. Bb7 Rd7 114. Bc6 Rd8 115. Bb7 Rd7 116. Bc6 Rd8 117. Bb7 Rd7 1/2-1/2

[Event "21st ch-EUR Indiv 2021"]
[Site "Reykjavik ISL"]
[Date "2021.09.02"]
[Round "8.29"]
[White "Bartel, Mateusz"]
[Black "Vrolijk, Liam"]
[Result "1/2-1/2"]
[WhiteTitle "GM"]
[BlackTitle "IM"]
[WhiteElo "2611"]
[BlackElo "2480"]
[WhiteFideId "1112635"]
[BlackFideId "1048333"]
[EventDate "2021.08.26"]

1. Nf3 d5 2. b3 Bf5 3. Bb2 e6 4. d3 h6 5. Nbd2 Nf6 6. g3 Be7 7. Bg2 O-O 8. O-O
a5 9. Re1 a4 10. e4 Bh7 11. exd5 exd5 12. Qe2 Nc6 13. Nd4 Nxd4 14. Bxd4 Re8 15.
Qf3 Qd7 16. Nf1 c6 17. Ne3 Bg6 18. g4 Bb4 19. Rf1 Bd6 20. Rae1 Qc7 21. Nf5 Bxh2+
22. Kh1 Bxf5 23. gxf5 axb3 24. axb3 Rxe1 25. Rxe1 Re8 26. Rxe8+ Nxe8 27. Qe3 Nf6
28. Bxf6 1/2-1/2

[Event "21st ch-EUR Indiv 2021"]
[Site "Reykjavik ISL"]
[Date "2021.09.02"]
[Round "8.30"]
[White "Bosiocic, Marin"]
[Black "Gretarsson, Helgi Ass"]
[Result "0-1"]
[WhiteTitle "GM"]
[BlackTitle "GM"]
[WhiteElo "2610"]
[BlackElo "2447"]
[WhiteFideId "14507927"]
[BlackFideId "2300699"]
[EventDate "2021.08.26"]

1. d4 d5 2. c4 c6 3. Nf3 Nf6 4. Qc2 dxc4 5. Qxc4 Bf5 6. g3 e6 7. Bg2 Be7 8. O-O
O-O 9. Nc3 Nbd7 10. Re1 Ne4 11. Bf4 Re8 12. Ne5 Nxe5 13. Bxe5 Nd6 14. Qb3 Qb6
15. e4 Bg6 16. d5 exd5 17. exd5 c5 18. Qxb6 axb6 19. Bf1 f6 20. Bf4 Bf8 21. Nb5
Rxe1 22. Rxe1 Nxb5 23. Bxb5 Bf7 24. a4 Bxd5 25. Bc7 Kf7 26. Bxb6 c4 27. f4 Bb4
28. Rd1 Ke6 29. f5+ Ke5 30. Kf2 Ba5 31. Be3 Rd8 32. Rd4 c3 33. bxc3 Bxc3 34. Rg4
Rg8 35. Bc4 h5 36. Rh4 Rd8 37. Bd3 Kd6 38. Rxh5 Bc6 39. Bb5 Bxb5 40. axb5 Ke5
41. Rh7 Rg8 42. Rh5 Ke4 43. Bf4 Ra8 44. Kg2 Ra5 45. b6 Bd4 46. Rh7 Ra2+ 47. Kh3
Kxf5 48. Bc7 g5 49. g4+ Ke4 50. Re7+ Kf3 51. Re8 f5 52. gxf5 Bf6 53. Rg8 Ra8 54.
Be5 g4+ 0-1

[Event "21st ch-EUR Indiv 2021"]
[Site "Reykjavik ISL"]
[Date "2021.09.02"]
[Round "8.31"]
[White "Antipov, Mikhail Al."]
[Black "Loiseau, Quentin"]
[Result "1-0"]
[WhiteTitle "GM"]
[BlackTitle "IM"]
[WhiteElo "2607"]
[BlackElo "2466"]
[WhiteFideId "4107012"]
[BlackFideId "665274"]
[EventDate "2021.08.26"]

1. e4 c5 2. Nf3 e6 3. d4 cxd4 4. Nxd4 Nf6 5. Nc3 Nc6 6. a3 Be7 7. Be3 O-O 8. Be2
Qc7 9. Qd2 d6 10. h4 Nxd4 11. Qxd4 Bd7 12. h5 h6 13. g4 e5 14. Qd3 Bxg4 15. Rg1
Bxe2 16. Qxe2 Kh8 17. O-O-O Rac8 18. Rg3 Qc4 19. Qf3 Rg8 20. Rdg1 Nxe4 21. Qxe4
Qxe4 22. Nxe4 f5 23. Nc3 f4 24. Nd5 Bd8 25. Nxf4 exf4 26. Bxf4 Rc5 27. Bxh6 Bf6
28. Be3 Rxh5 29. Bxa7 Rc8 30. Rb3 d5 31. Rxb7 Kh7 32. Rd1 Re5 33. c3 Re2 34.
Rxd5 Kg6 35. Be3 1-0

[Event "21st ch-EUR Indiv 2021"]
[Site "Reykjavik ISL"]
[Date "2021.09.02"]
[Round "8.32"]
[White "Mazur, Stefan"]
[Black "Sivuk, Vitaly"]
[Result "0-1"]
[WhiteTitle "IM"]
[BlackTitle "GM"]
[WhiteElo "2416"]
[BlackElo "2589"]
[WhiteFideId "14909332"]
[BlackFideId "14116502"]
[EventDate "2021.08.26"]

1. e4 g6 2. d4 Bg7 3. Nf3 d6 4. Bc4 e6 5. Nc3 Ne7 6. Bg5 h6 7. Be3 a6 8. a4 d5
9. Bd3 dxe4 10. Bxe4 Nd7 11. d5 exd5 12. Nxd5 Bxb2 13. O-O Nxd5 14. Bxd5 Nf6 15.
Rb1 Nxd5 16. Rxb2 Nxe3 17. Qe2 Qe7 18. fxe3 O-O 19. e4 Qc5+ 20. Kh1 b6 21. Qd2
Kg7 22. Rb3 Bb7 23. Rc3 Qe7 24. Qd4+ f6 25. Qc4 Rf7 26. h4 Qxe4 27. Qb3 Bd5 28.
Qb2 Qxa4 29. h5 g5 30. Re3 Qg4 31. c4 Qxh5+ 32. Kg1 Bxc4 33. Rc1 Qg4 34. Rd1 Rd7
35. Rde1 Bf7 36. Re4 Qf5 37. Nd4 Qc5 38. Kh1 Rad8 0-1

[Event "21st ch-EUR Indiv 2021"]
[Site "Reykjavik ISL"]
[Date "2021.09.02"]
[Round "8.33"]
[White "Saraci, Nderim"]
[Black "Thybo, Jesper Sondergaard"]
[Result "0-1"]
[WhiteTitle "IM"]
[BlackTitle "GM"]
[WhiteElo "2455"]
[BlackElo "2587"]
[WhiteFideId "6351921"]
[BlackFideId "1438832"]
[EventDate "2021.08.26"]

1. d4 Nf6 2. c4 g6 3. Nc3 d5 4. Bg5 Ne4 5. Bh4 Nxc3 6. bxc3 dxc4 7. e3 Be6 8.
Qb1 b6 9. Nf3 h6 10. Be2 Bg7 11. O-O O-O 12. Nd2 c5 13. Nxc4 cxd4 14. cxd4 Nc6
15. Rd1 Rc8 16. Nd2 Nxd4 17. exd4 Qxd4 18. Bxe7 Rfe8 19. Nb3 Qe5 20. Ba6 Bxb3
21. Qxb3 Qxe7 22. Bxc8 Bxa1 23. Ba6 Qf6 24. Qd5 Kg7 25. g3 Re5 26. Qd6 Re6 27.
Qd5 Be5 28. Rd3 Rd6 29. Qe4 Bd4 30. Rf3 Qe6 31. Qxe6 fxe6 32. Bb5 e5 33. Kf1 Rd5
34. Bc4 Rd7 35. h4 Rc7 36. Bd3 h5 37. Ke2 Rc3 38. Be4 Rc5 39. a4 a6 40. Ra3 Ra5
41. Bc6 b5 42. Be8 Kh6 43. Bc6 b4 44. Rf3 Rc5 45. Be4 Kg7 46. g4 hxg4 47. Rg3
Rc1 48. Rxg4 b3 49. Rxg6+ Kf7 50. Rh6 b2 51. Rh7+ Kf6 52. Rh6+ Ke7 53. Rh7+ Ke6
54. Rh6+ Ke7 55. Rh7+ Kd6 56. Rb7 Rg1 57. Kf3 Rf1 58. h5 Rxf2+ 59. Kg3 Rf6 60.
a5 Kc5 61. Rb6 Rf4 62. h6 Bf2+ 63. Kg2 Rxe4 64. Rxb2 Bd4 65. Rb6 Rh4 66. Rxa6
Be3 67. Re6 Kd5 0-1

[Event "21st ch-EUR Indiv 2021"]
[Site "Reykjavik ISL"]
[Date "2021.09.02"]
[Round "8.34"]
[White "Stefansson, Vignir Vatnar"]
[Black "Paichadze, Luka"]
[Result "0-1"]
[WhiteTitle "IM"]
[BlackTitle "GM"]
[WhiteElo "2371"]
[BlackElo "2564"]
[WhiteFideId "2308649"]
[BlackFideId "13602934"]
[EventDate "2021.08.26"]

1. Nf3 Nf6 2. c4 e6 3. g3 c5 4. Bg2 Nc6 5. Nc3 d5 6. cxd5 Nxd5 7. O-O Be7 8. d4
O-O 9. Nxd5 exd5 10. dxc5 Bxc5 11. Bf4 Bf5 12. Rc1 Bb6 13. Ne5 Nxe5 14. Bxe5 Re8
15. Bd4 Bxd4 16. Qxd4 Rxe2 17. Bf3 Re7 18. Qxd5 Qxd5 19. Bxd5 Rd8 20. Bf3 h6 21.
Rfd1 Rxd1+ 22. Rxd1 g5 23. g4 Be6 24. Kg2 Rc7 25. Rd4 b6 26. a3 Rc2 27. Rb4 Kg7
28. Be4 Rd2 29. h3 Rd6 30. Bf3 Kf6 31. Ra4 a5 32. Re4 Rd3 33. Re2 Bb3 34. Be4
Rd4 35. Re3 Bc4 36. b3 Be6 37. Bf3 Rd2 38. a4 Rb2 39. Bd1 Rb1 40. Rd3 Ke5 41.
Kf3 f5 42. Ke3 Rc1 43. Kd2 Rc6 44. Re3+ Kf6 45. gxf5 Bxf5 46. Bg4 Bg6 47. Rf3+
Ke5 48. Re3+ Kd4 49. Bd1 Rf6 50. Ke1 Be4 51. Be2 Rf5 52. Rg3 Rf4 53. Bc4 Rf3 54.
Rxf3 Bxf3 55. Kd2 h5 56. Bf1 h4 57. Kc2 g4 58. hxg4 Bxg4 0-1

[Event "21st ch-EUR Indiv 2021"]
[Site "Reykjavik ISL"]
[Date "2021.09.02"]
[Round "8.41"]
[White "Kaasen, Tor Fredrik"]
[Black "Gretarsson, Hjorvar Steinn"]
[Result "1/2-1/2"]
[WhiteTitle "IM"]
[BlackTitle "GM"]
[WhiteElo "2406"]
[BlackElo "2603"]
[WhiteFideId "1516647"]
[BlackFideId "2302241"]
[EventDate "2021.08.26"]

1. e4 c6 2. Nf3 d5 3. Nc3 Bg4 4. h3 Bxf3 5. Qxf3 e6 6. d4 Nf6 7. exd5 cxd5 8.
Bd3 Nc6 9. Ne2 Bd6 10. Bg5 h6 11. Bh4 Nb4 12. Bb5+ Ke7 13. Bxf6+ gxf6 14. Ba4
Qa5 15. Nc3 Nc6 16. Rd1 Rhg8 17. O-O Rg6 18. Kh1 Rag8 19. Rg1 h5 20. Bb3 Kf8 21.
Ne2 Ne7 22. c4 dxc4 23. Bxc4 Kg7 24. d5 exd5 25. Bxd5 Bb8 26. Ng3 Bxg3 27. fxg3
Rg5 28. Be4 Qe5 29. Rge1 Rxg3 30. Qf2 Qg5 31. Rd7 Ng6 32. Rf1 Ne5 33. Rd6 Re8
34. Rxf6 Re7 35. Rf5 Qe3 36. Rxh5 Qxf2 37. Rxf2 Re3 38. Bf5 Rc7 39. Kh2 Rc5 40.
Rg5+ Kf8 41. Rg3 Re1 42. Bc2 a5 43. Bb3 Re4 44. Rf5 b6 45. Rgg5 Ke7 1/2-1/2

[Event "21st ch-EUR Indiv 2021"]
[Site "Reykjavik ISL"]
[Date "2021.09.02"]
[Round "8.42"]
[White "Krastev, Alexander"]
[Black "Kulaots, Kaido"]
[Result "0-1"]
[WhiteTitle "FM"]
[BlackTitle "GM"]
[WhiteElo "2389"]
[BlackElo "2548"]
[WhiteFideId "12989983"]
[BlackFideId "4500261"]
[EventDate "2021.08.26"]

1. e4 c5 2. Nf3 d6 3. Bb5+ Nd7 4. O-O a6 5. Bd3 Ngf6 6. Re1 e6 7. c3 Be7 8. Bc2
c4 9. b3 b5 10. bxc4 bxc4 11. Na3 Qc7 12. Qe2 Nb6 13. Rb1 Nfd7 14. d4 cxd3 15.
Bxd3 O-O 16. Be3 Na4 17. Qc2 Nac5 18. Nc4 Bb7 19. Nfd2 d5 20. exd5 Nxd3 21. Qxd3
Bxd5 22. Bd4 Nc5 23. Qe2 Rad8 24. Ne3 Rfe8 25. Nxd5 Rxd5 26. Nf3 Bf8 27. Qc4 Rc8
28. h3 Qa5 29. Re5 Rdd8 30. h4 Qa4 31. Qe2 Qc6 32. Qc2 f6 33. Re2 e5 34. Bxc5
Qxc5 35. Rb3 Qc4 36. Re4 Qd5 37. Qe2 Rc6 38. g3 Qd1+ 39. Kg2 Qxe2 40. Rxe2 Rdc8
41. Nd2 Rxc3 42. Rxc3 Rxc3 43. Ne4 Rc4 44. g4 Kf7 45. h5 Ke6 46. Kf3 a5 47. Rd2
Be7 48. Rb2 Bb4 49. a3 Bxa3 50. Rb6+ Kd7 51. h6 gxh6 52. Nxf6+ Kd8 53. Nxh7 Bc1
54. Nf6 a4 55. Ke2 a3 56. Ra6 Rd4 57. Ke1 Kc7 58. f3 Kb7 59. Ra5 Bd2+ 0-1

[Event "21st ch-EUR Indiv 2021"]
[Site "Reykjavik ISL"]
[Date "2021.09.02"]
[Round "8.43"]
[White "Martinovic, Sasa"]
[Black "Fruebing, Stefan"]
[Result "1-0"]
[WhiteTitle "GM"]
[BlackTitle "IM"]
[WhiteElo "2548"]
[BlackElo "2406"]
[WhiteFideId "14509792"]
[BlackFideId "4682165"]
[EventDate "2021.08.26"]

1. d4 d5 2. c4 c6 3. Nf3 Nf6 4. Qb3 dxc4 5. Qxc4 Bg4 6. Nc3 Nbd7 7. Bf4 Bxf3 8.
gxf3 e6 9. e4 Be7 10. O-O-O O-O 11. Kb1 Nh5 12. Be3 Bg5 13. Rg1 Bf4 14. Rg4 Qf6
15. e5 Qh6 16. Rh4 Qg5 17. Rg4 Qh6 18. Qd3 f6 19. Bxf4 Nxf4 20. Qe3 fxe5 21.
dxe5 Nb6 22. Rd4 Ng6 23. Qxh6 gxh6 24. Bd3 Kg7 25. Rd6 h5 26. Rg3 Rae8 27. Ne4
h4 28. Rg1 Rd8 29. Nc5 Rxd6 30. exd6 Rxf3 31. a4 a5 32. b4 Kf6 33. bxa5 Nd5 34.
Bxg6 hxg6 35. d7 Ke7 36. Rxg6 Nf6 37. Rg7+ 1-0

[Event "21st ch-EUR Indiv 2021"]
[Site "Reykjavik ISL"]
[Date "2021.09.02"]
[Round "8.44"]
[White "Plat, Vojtech"]
[Black "Maltsevskaya, Aleksandra"]
[Result "1-0"]
[WhiteTitle "GM"]
[BlackTitle "WGM"]
[WhiteElo "2531"]
[BlackElo "2409"]
[WhiteFideId "325740"]
[BlackFideId "24174041"]
[EventDate "2021.08.26"]

1. e4 c5 2. Nf3 e6 3. d4 cxd4 4. Nxd4 Nc6 5. Nc3 a6 6. Be2 d6 7. Be3 Nf6 8. O-O
Be7 9. f4 O-O 10. Kh1 Qc7 11. Qe1 Nxd4 12. Bxd4 b5 13. a3 Bb7 14. Qg3 g6 15. Bf3
d5 16. exd5 Nxd5 17. Nxd5 Bxd5 18. Bxd5 exd5 19. c3 Bc5 20. Rad1 Bxd4 21. Rxd4
Rad8 22. Qf3 Rfe8 23. f5 Re5 24. Rf4 Rxf5 25. Rxf5 gxf5 26. Qxf5 Qe7 27. h3 Rd6
28. Rf3 h6 29. Qf4 Kg7 30. Qd4+ Kh7 31. Rg3 Qf6 32. Qa7 Qf1+ 33. Kh2 Qf5 34. Qc7
Qd7 35. Qb8 Qd8 36. Qa7 Qd7 37. Qd4 Rg6 38. Rf3 Kg8 39. Rd3 Qd6+ 40. Kh1 Rf6 41.
Kg1 Rf5 42. Re3 Qf6 43. Qxf6 Rxf6 44. Re8+ Kg7 45. Rd8 Re6 46. Kf2 Rf6+ 47. Ke2
Re6+ 48. Kd1 Rg6 49. g4 Rg5 50. Rd6 h5 51. gxh5 Rxh5 52. Rxa6 Rxh3 53. Rb6 Rh1+
54. Kc2 Rh2+ 55. Kb3 f5 56. Rxb5 Rd2 57. a4 f4 58. Rb4 d4 59. cxd4 Kf6 60. Kc3
Rd1 61. Kc2 Rh1 62. Kd3 Re1 63. Rb8 Ke7 64. Rb5 Re3+ 65. Kc4 Kf6 66. Re5 Rh3 67.
a5 f3 68. Re1 Kf5 69. b4 Rh2 70. b5 1-0

[Event "21st ch-EUR Indiv 2021"]
[Site "Reykjavik ISL"]
[Date "2021.09.02"]
[Round "8.45"]
[White "Kozak, Adam"]
[Black "Sousa, Andre Ventura"]
[Result "1/2-1/2"]
[WhiteTitle "GM"]
[BlackTitle "IM"]
[WhiteElo "2504"]
[BlackElo "2405"]
[WhiteFideId "753246"]
[BlackFideId "1917617"]
[EventDate "2021.08.26"]

1. e4 e5 2. Nf3 Nc6 3. d4 exd4 4. Nxd4 Nf6 5. Nc3 Bb4 6. Nxc6 bxc6 7. Bd3 d5 8.
exd5 O-O 9. O-O cxd5 10. h3 c6 11. Qf3 Re8 12. Bf4 Qe7 13. a3 Bd6 14. b4 a5 15.
b5 c5 16. Nxd5 Nxd5 17. Qxd5 Bxf4 18. Qxa8 Bb7 19. Qxa5 Qg5 20. f3 c4 21. Be4
Rxe4 22. fxe4 Bxe4 23. Rf2 Be3 24. Kf1 Bxf2 25. Kxf2 h6 26. Qc3 Qxg2+ 27. Ke3
Bxc2 28. Qxc4 Qg5+ 29. Ke2 Qg2+ 30. Ke1 Be4 31. Rc1 Kh7 32. Qd4 f5 33. a4 Qg3+
34. Ke2 Qf3+ 35. Ke1 Qg3+ 36. Ke2 Qf3+ 37. Kd2 Qf4+ 38. Qe3 Qd6+ 39. Ke2 Qb4 40.
b6 Qxa4 41. Rc7 Qb5+ 42. Ke1 Qb1+ 43. Ke2 Qb5+ 44. Ke1 Qb1+ 45. Ke2 1/2-1/2

[Event "21st ch-EUR Indiv 2021"]
[Site "Reykjavik ISL"]
[Date "2021.09.02"]
[Round "8.46"]
[White "Kanyamarala, Trisha"]
[Black "Blohberger, Felix"]
[Result "0-1"]
[WhiteTitle "WIM"]
[BlackTitle "IM"]
[WhiteElo "2180"]
[BlackElo "2502"]
[WhiteFideId "45004722"]
[BlackFideId "1632051"]
[EventDate "2021.08.26"]

1. d4 Nf6 2. c4 e6 3. Nc3 Bb4 4. e3 O-O 5. Bd2 d5 6. Nf3 Nbd7 7. Bd3 dxc4 8.
Bxc4 a6 9. a4 b6 10. O-O Bb7 11. Qe2 Qe7 12. Bd3 c5 13. dxc5 Nxc5 14. Bc2 Rac8
15. Rfd1 h6 16. Be1 a5 17. Nd4 Rfd8 18. h3 Nce4 19. Nxe4 Nxe4 20. Bxb4 Qxb4 21.
Bd3 Nc5 22. Bb5 g6 23. Qe1 Qxe1+ 24. Rxe1 e5 25. Nf3 Bxf3 26. gxf3 Rd2 27. Rab1
Nb3 28. Red1 Rcc2 29. Rxd2 Nxd2 30. Bd3 Nxf3+ 31. Kg2 Nh4+ 32. Kg3 Rd2 33. Be4
g5 34. b4 f5 35. Bc6 Rd6 36. b5 Kg7 37. Rc1 Kf6 38. Be8 Ke7 39. Bh5 Kd7 40. Be2
Rd2 41. Bh5 f4+ 42. exf4 exf4+ 43. Kg4 Rxf2 44. Bf7 Rd2 45. Re1 f3 46. Be6+ Kd6
47. Bb3 f2 48. Re6+ Kc5 49. Rf6 Rd4+ 50. Kg3 Rd3+ 51. Kxf2 Rxb3 52. Rc6+ Kb4 53.
Rxb6 Kxa4 0-1

[Event "21st ch-EUR Indiv 2021"]
[Site "Reykjavik ISL"]
[Date "2021.09.02"]
[Round "8.47"]
[White "Gavrilescu, David"]
[Black "Milikow, Elie"]
[Result "1-0"]
[WhiteTitle "IM"]
[BlackTitle "CM"]
[WhiteElo "2477"]
[BlackElo "2242"]
[WhiteFideId "1227190"]
[BlackFideId "371281868"]
[EventDate "2021.08.26"]

1. e4 c5 2. Nf3 Nc6 3. Bb5 e6 4. O-O Nge7 5. d4 cxd4 6. Nxd4 Ng6 7. Be3 Be7 8.
Be2 O-O 9. c4 b6 10. Nc3 Bb7 11. Qd2 Nxd4 12. Bxd4 Rc8 13. Rad1 Bc6 14. f4 Qc7
15. g3 Rfe8 16. Be3 Bf8 17. h4 Rcd8 18. h5 Ne7 19. Bf3 f5 20. Bf2 fxe4 21. Bxe4
d5 22. cxd5 exd5 23. Bg2 Qb7 24. Qc2 g6 25. hxg6 hxg6 26. Rfe1 Bg7 27. Re6 d4
28. Bxc6 Nxc6 29. Rxe8+ Rxe8 30. Qxg6 Re7 31. Nd5 Rf7 32. Re1 Qd7 33. Re8+ Qxe8
34. Nf6+ Rxf6 35. Qxe8+ Bf8 36. Kf1 Rd6 37. Ke2 d3+ 38. Kd2 Na5 39. b3 Kg7 40.
Bd4+ Kg8 41. Be5 Rh6 42. Kxd3 Nb7 43. b4 a5 44. a3 axb4 45. axb4 b5 46. g4 Rh3+
47. Ke4 Rh6 48. g5 Rb6 49. g6 Rf6 50. g7 1-0

[Event "21st ch-EUR Indiv 2021"]
[Site "Reykjavik ISL"]
[Date "2021.09.02"]
[Round "8.48"]
[White "Kjartansson, Gudmundur"]
[Black "Pappelis, Dimitrios"]
[Result "1/2-1/2"]
[WhiteTitle "GM"]
[WhiteElo "2470"]
[BlackElo "2160"]
[WhiteFideId "2301318"]
[BlackFideId "4215281"]
[EventDate "2021.08.26"]

1. d4 Nf6 2. c4 e6 3. Nc3 d5 4. cxd5 Nxd5 5. Nf3 c5 6. e3 Nc6 7. Bd3 Nxc3 8.
bxc3 Be7 9. e4 cxd4 10. cxd4 O-O 11. Bb2 Qa5+ 12. Kf1 Rd8 13. a3 b6 14. Qe2 Bf6
15. e5 Bxe5 16. Qe4 Ba6 17. Nxe5 Nxe5 18. Qxh7+ Kf8 19. Qh8+ Ke7 20. Qh4+ Kf8
21. Qh8+ Ke7 22. Qh4+ Kf8 1/2-1/2